Регионална библиотека "Любен Каравелов" - Русе

Театърът на Стоян Камбарев - режисура на пространството (Запис номер 79014)

MARC детайли
000 -Лидер
Лидер 01628nam a2200421 a 4500
003 - Код на организацията, давaща контролен номер
Код на организацията, даваща контролен номер BLK
005 - Дата и час на последна редакция
Дата и час на последна редакция 20240322125401.0
008 - Елементи от данни с фиксирана дължина
Елементи с фиксирана дължина 180408b bul|||||r ||||||| ||bul||
010 ## - Наследен системен номер
LC control number KNG00083482000
020 ## - Международен стандартен номер на книга ISBN
ISBN 978-954-09-0052-0
040 ## - Източник на каталожния запис
Код на библиотеката BLK
041 ## - Код за език
Език Български
Език за КДБФ Български
080 ## - УДК
УДК текст Режисьори, театрални
УДК код 792.071.1
УДК – определител (497.2)(092)
УДК – код + определител 792.071.1(497.2)(092)
080 ## - УДК
УДК код 929 Камбарев, Стоян
УДК – код + определител 929 Камбарев, Стоян
100 1# - Редна дума - Автор
Автор Димитрова, Кремена
R(LIN) 366440
245 10 - Сведения за заглавието
Заглавие Театърът на Стоян Камбарев - режисура на пространството
Авторска отговорност Кремена Димитрова.
257 ## - Страна на издаване
Страна на създаване/издаване България
260 ## - Област на издателските данни
Име на издателя Захарий Стоянов
Година на издаване 2007
Печатница София : СУ Св. Климент Охридски
Място на издаване София
300 ## - Физическа характеристика
Брой страници 134 с., 12 л.
Илюстрации сн.
Размер 20 см
380 ## - Жанр
Жанр Изкуство
500 ## - Общи забележки
Обща забележка Офс. изд.
600 #0 - Име на лице, използвано като предмет
За него / За нея Камбарев, Стоян
Свързани дати 1953 - 1998
Друга информация Театрален режисьор
9 (RLIN) 366478
650 #4 - Допълнително описание по предмет – тема
Предметна рубрика Режисьори, български
9 (RLIN) 262647
650 #4 - Допълнително описание по предмет – тема
Предметна рубрика Режисура, театрална
9 (RLIN) 255083
651 #4 - Допълнително описание по предмет - топоним
Географско понятие България
9 (RLIN) 241624
653 ## - Ключова дума – ненормативна
Ключови думи театър
653 ## - Ключова дума – ненормативна
Ключови думи режисьори
653 ## - Ключова дума – ненормативна
Ключови думи Стоян Камбарев
653 ## - Ключова дума – ненормативна
Ключови думи биографии
852 ## - Местоположение
Сигнатура (форматна) Цб 239847
Отдел Хранилище
852 ## - Местоположение
Сигнатура (форматна) К 792/К 22
856 4# - Електронен адрес и достъп
Електронен формат pdf - файл
856 4# - Електронен адрес и достъп
Електронен формат pdf - файл
942 ## - АРТИКУЛИ
Вид на библиотечния документ Книги
Скрит в OPAC Не
Периодичен библиозапис Да
944 ## - СЪЗДАВАНЕ И РЕДАКЦИЯ на ЗАПИСА
Създаване/Редакция Създаване
Дата на регистрацията/редакция 23.04.2008
Служител, извършил регистрацията/редакцията 30535
Номер на служител Христина Везирева
944 ## - СЪЗДАВАНЕ И РЕДАКЦИЯ на ЗАПИСА
Създаване/Редакция Редакция
Дата на регистрацията/редакция 14.07.2023
Служител, извършил регистрацията/редакцията ир
999 ## - СИСТЕМНИ КОНТРОЛНИ НОМЕРА
Koha biblionumber 79014
Koha biblioitemnumber 79014
Наличности
Код за отписване Код за изгубен артикул Източник на класификационната схема Код за повреда Коз за рестрикции Код за отдаване Артикулен № Име на библиотеката - собственик Име на библиотеката, в която се намира в момента Статус (Текущо местоположение) Дата на вписване в системата Местоположение - отдел Цена в лева Инвентарен номер Систематично азбучна сигнатура Баркод Номер на екземпляра Цена в евро Служебна бележка Служебен тип на артикула
  Не е изгубен Universal Decimal Classification Не е повреден без рестрикции заемане за дома 127803 Регионална библиотека "Любен Каравелов" Русе Регионална библиотека "Любен Каравелов" Русе Отдел Изкуство - подръчен фонд 2008-04-22 Отдел Изкуство - подръчен фонд 5.00 120000725926 792(497.2)(092)/К 22 120000725926 1 2.56 Дост: DA Вид: А N: 7 Дата: 22.04.2008 Дата инв: 18.06.2012 Бележки инв: * Книги
  Не е изгубен Universal Decimal Classification Не е повреден само за читалня ползва се в читалня 127804 Регионална библиотека "Любен Каравелов" Русе Регионална библиотека "Любен Каравелов" Русе Краезнание 2008-04-22 Краезнание 5.00 120000725927 К 792/К 22 120000725927 2 2.56 Дост: DA Вид: А N: 7 Дата: 22.04.2008 Дата инв: 06.11.2017 Бележки инв: К2017 Книги
  Не е изгубен Universal Decimal Classification Не е повреден само за читалня ползва се в читалня 127805 Регионална библиотека "Любен Каравелов" Русе Регионална библиотека "Любен Каравелов" Русе Хранилище 2008-05-23 Хранилище 5.00 120000726554 Цб 239847 120000726554 3 2.56 Дост: Dp Вид: Д N: 14 Дата: 05.03.2008 Книги
Vip Innovations Ltd, Rousse, Bulgaria 2025